000 00890nam a2200289 i 4500
001 bg
100 1 _aŻabicki, Wojciech.
245 1 0 _aHigiena zawodowa dla szkół gastronomicznych /
_cWojciech Żabicki.
250 _aWyd. 13.
260 _aWarszawa :
_bWydawnictwa Szkolne i Pedagogiczne,
_c1998.
300 _a132, [2] s. :
_bfot., rys., 2 wykr. ;
_c21 cm.
504 _aBibliogr. s. [134].
521 _aPodręcznik dla uczniów kl. I szkoły zasadniczej, zawód - kucharz oraz kl. II, zawód - kelner.
650 9 _aGastronomia
_xbezpieczeństwo i higiena pracy
650 9 _aHigiena
655 _aPodręczniki szkolne
020 _a8302031240
040 _cBPK
041 0 _apl
080 _a613/614
080 _a640.43/.44
080 _a331.45/.46
080 _a(075.3)
920 _a83-02-03124-0
942 _cKS
008 s pl f |000 0 pol
999 _c36073
_d36073
856 _uhttp://koha.tu.koszalin.pl/cgi-bin/koha/opac-detail.pl?biblionumber=36073
_yKatalog online BPK